Buslinie 74 - Leipzig - Statistiken

Allgemein
  • Dieses Quiz wurde 11 mal gespielt
  • Das Durchschnittsergebnis liegt bei 20 aus 45
Antwortstatistiken
Antwort Übergang % Korrekt
Karl-Liebknecht-/Kurt-Eisner-Straße 10, 11, 60
90%
Altes Messegelände 2, 15, 70
80%
Lindenauer Markt 7, 8, 15, 130, 131
80%
Naunhofer Straße 2, 15, 70, 76
80%
Adler 1, 2, 3, 60
70%
Kurt-Eisner-/Arthur-Hoffmann-Straße 9, 60
70%
Rathaus Stötteritz 4
70%
Elster Passage 3
60%
Felsenkeller 3, 14
60%
Holzhausen, Sophienhöhe 172
60%
Rennbahn 60
60%
Rödelstraße 1, 2, 60
60%
Schönbachstraße
60%
Deutsche Nationalbibliothek 2, 16
50%
Fockestraße 60, 89
50%
Kolmstraße 4
50%
Leutzsch, Straßenbahnhof
50%
Markranstädter Straße 3
50%
Rathaus Leutzsch 7 (Stadteinwärts)
50%
Stötteritz, Holzhäuser Straße 4
50%
Am Wasserschloß
40%
Arthur-Polenz-Straße
40%
Mölkauer Straße
40%
Nonnenweg 60
40%
Rathenaustraße
40%
Rochlitzstraße 60
40%
Am Langen Felde 7 (Stadteinwärts)
30%
Angerbrücke, Straßenbahnhof 3, 7, 8, 15, 130, 131
30%
Diakonissenhaus 7 (Stadteinwärts)
30%
Erich-Köhn-Straße
30%
Holzhausen, Hauptstraße 172
30%
Holzhausen, Sächsisches Haus 172
30%
Kohlrabizirkus
30%
Landwaisenhausstraße (stadtauswärts)
30%
Lößniger Straße
30%
S-Bf MDR S1, S2, S3, S4, S5, S5X, S6
30%
Siedlung Waldfrieden
30%
Uhlandstraße
30%
Zuckelhausen
30%
Bf Holzhausen
20%
Hempelstraße
20%
Kärnerstraße 172
20%
Blüthnerstraße
10%
Prießnitzstraße (stadtauswärts)
10%
Techniches Rathaus (12), 15, 70
10%
Keine übereinstimmenden Quizze gefunden
Verteilung der Resultate
Anzahl Personen mit jedem Resultat
Perzentil nach korrekt beantworteten Fragen
Ihre Resultats-Entwicklung
Sie haben dieses Quiz noch nicht gespielt